| 000 | 00837nam a2200217Ii 4500 | ||
|---|---|---|---|
| 003 | JO-AjNU | ||
| 008 | 230605s9999||||xx |||||||||||||| ||und|| | ||
| 020 | _a978-9953-0-4407 | ||
| 040 |
_aJO-AjNU _bara _erda _cJO-AjNU |
||
| 041 | _aara | ||
| 050 | 1 | 4 | _aQ180 2018 |
| 100 | 3 |
_aمؤسسة الفكر العربي, _eauthor _958361 |
|
| 245 | 0 | 0 | _aالإبتكار أو الإندثار البحث العلمي العربي: واقعه وتحدياته وآفاقه؛ التقرير العربي العاشر للتنمية الثقافية |
| 250 | _aط1 | ||
| 264 | 3 | 1 | _aبيروت: مؤسة الفكر العربي، 2018 |
| 300 | _a543ص | ||
| 336 |
_atext _btxt _2rdacontent |
||
| 337 |
_aunmediated _bn _2rdamedia |
||
| 338 |
_avolume _bnc _2rdacarrier |
||
| 650 | 4 |
_aالبحث العلمي - العالم العربي _958362 |
|
| 999 |
_aA26204 _c29772 _d29772 |
||